| 000 | 00481nmm a2200169Ia 4500 | ||
|---|---|---|---|
| 008 | 251105s9999||||xx |||||||||||||||||und|| | ||
| 020 | _a9788446044086 | ||
| 041 | _aspa | ||
| 100 | _aLuxemburgo, Rosa | ||
| 245 | 0 | _aLa crisis de la socialdemocracia | |
| 264 |
_a[Madrid, España] : _bAkal, _c2017 |
||
| 300 | _a176 páginas | ||
| 490 | _aBásica de Bolsillo | ||
| 650 | _aPolitical Science (General) | ||
| 856 | _uhttps://public.digitaliapublishing.com/a/50900 | ||
| 942 | _cCF | ||
| 999 |
_c83077 _d83077 |
||